000 00537nam a2200169Ia 4500
003 OSt
005 20210121102227.0
008 190216s9999||||xx |||||||||||||| ||und||
020 _a9780070435773
040 _coclc
082 _a658.45
_bMON/B
100 _a Monippally, Matthukutty M
_91330
245 0 _aBusiness Communication Strategies /
_cMatthukutty M Monippally
260 _bTata Mcgraw Hill Publishing Company Ltd,
_c2002.
_aNew Delhi:
300 _a258p
942 _cBK
_2ddc
_h658.45
_iMON/B
_k658.45
_mMON/B
999 _c6541
_d6541